Transnational youth initiatives in the Erasmus+ youth programme /

Hlavní autor: Keslová, Tereza
Další autoři: Berg, Klára, Andresová, Magda
Jazyk: Angličtina
Vydáno: Prague : Centre for International Cooperation in Education, 2015
Témata:
Fyzický popis: 59 stran : ilustrace (některé barevné) ; 15 x 21 cm
Knihy
Uloženo v:
LEADER 02113nam a2200565 i 4500
001 nkc20203222164
003 CZ PrNK
005 20200619114258.0
007 ta
008 200604s2015 xr a e f 000 0 eng
015 |a cnb003222164 
020 |z 978-80-88153-16-0  |q (brožováno) 
040 |a BOA001  |b cze  |e rda 
041 1 |a eng  |h cze 
043 |a e------  |a e-xr--- 
045 |a y1y2 
072 7 |a 37.014  |x Vzdělávací a výchovná politika  |2 Konspekt  |9 22 
080 |a 37.091.214  |2 MRF 
080 |a 37.014.542  |2 MRF 
080 |a 374  |2 MRF 
080 |a 005.963  |2 MRF 
080 |a (4)  |2 MRF 
080 |a (437.3)  |2 MRF 
080 |a (036)  |2 MRF 
100 1 |a Keslová, Tereza  |4 aut 
240 1 0 |a Národní iniciativy mládeže v programu Erasmus+ mládež.  |l Anglicky 
245 1 0 |a Transnational youth initiatives in the Erasmus+ youth programme /  |c prepared by the team: Tereza Keslová, Klára Berg a kolektiv ; illustrations: Magda Andresová 
264 1 |a Prague :  |b Centre for International Cooperation in Education,  |c 2015 
300 |a 59 stran :  |b ilustrace (některé barevné) ;  |c 15 x 21 cm 
336 |a text  |b txt  |2 rdacontent 
337 |a bez média  |b n  |2 rdamedia 
338 |a svazek  |b nc  |2 rdacarrier 
500 |a Přeloženo z češtiny 
500 |a V tiráži vročení 2017 
500 |a 500 výtisků 
610 2 7 |a Erasmus+ mládež (program)  |7 ko2018987706  |2 czenas 
648 7 |a 2011-2020  |7 ch460589  |2 czenas 
650 0 7 |a vzdělávací programy  |7 ph127309  |z země Evropské unie  |y 2011-2020  |2 czenas 
650 0 7 |a vzdělávací projekty  |7 ph242428  |z Česko  |y 2011-2020  |2 czenas 
650 0 7 |a neformální vzdělávání  |7 ph459479  |2 czenas 
650 0 7 |a profesní rozvoj  |7 ph706538  |2 czenas 
655 7 |a informační publikace  |7 fd132454  |2 czenas 
700 1 |a Berg, Klára  |4 aut 
700 1 |a Andresová, Magda  |7 xx0144411  |4 ill 
910 2 |a BOA001  |b 2-1447.399 
928 9 |a Dům zahraniční spolupráce 
990 |a BK 
995 |a 60 
991 |b 202006  |c NOV 
996 6 |b 2610826515  |c 2-1447.399  |l MZK  |r Sklad / do 1 hodiny  |n 0  |p p.v.  |w 001806966  |u 000010  |a 1  |e BOA001  |j MZK50  |s P